000 00587cab a2200217 4500
001 ABS54963
008 090401t1996 xxu||||| |||| 00| 0 eng d
035 _a(Sirsi) u13391
041 _aeng
100 _aWells, M.
245 _aFinding holes in the affordable fence
260 _c1996
350 _a0
490 _aPlanning Week
_v4(15) 11 April 1996, 14-15(2)
520 _aAnalyses the new advice contained in draft DoE circular on affordable housing.
650 _aDOE CIRCULARS
650 _aHOUSING MANAGEMENT
690 _aHOUSING
942 _n0
948 _c04/03/1997
999 _c8635
_d8635